000
00300nam a22001337a 4500
008
170224b xxu||||| |||| 00| 0 eng d
020
_a
9780976852612
041
_a
eng
080
_a
617
100
_a
5
101
_a
shk
245
_a
THE EMOTIONAL FIRST + AID KIT
_c
ALEXANDER, C.L
942
_2
udc
_c
BK
999
_c
6222
_d
6222